The swan's daughter : (Record no. 129591)

MARC details
000 -LEADER
fixed length control field 01694pam a2200457 i 4500
001 - CONTROL NUMBER
control field 1514891471
003 - CONTROL NUMBER IDENTIFIER
control field DLC
005 - DATE AND TIME OF LATEST TRANSACTION
control field 20260402161258.0
007 - PHYSICAL DESCRIPTION FIXED FIELD--GENERAL INFORMATION
fixed length control field t|
008 - FIXED-LENGTH DATA ELEMENTS--GENERAL INFORMATION
fixed length control field 251024s2026 nyu d 000 1 eng
010 ## - LIBRARY OF CONGRESS CONTROL NUMBER
LC control number 2025020614
020 ## - INTERNATIONAL STANDARD BOOK NUMBER
International Standard Book Number 9781250873101
Qualifying information hardback
035 ## - SYSTEM CONTROL NUMBER
System control number (OCoLC)1514891471
040 ## - CATALOGING SOURCE
Original cataloging agency DLC
Language of cataloging eng
Description conventions rda
Transcribing agency DLC
Modifying agency DLC-MRC
-- TnLvILS
042 ## - AUTHENTICATION CODE
Authentication code pcc
-- cyac
100 1# - MAIN ENTRY--PERSONAL NAME
Personal name Chokshi, Roshani,
Relator term author.
Relator code aut.
-- http://id.loc.gov/vocabulary/ relators/aut
245 14 - TITLE STATEMENT
Title The swan's daughter :
Remainder of title a possibly doomed love story /
Statement of responsibility, etc Roshani Chokshi.
250 ## - EDITION STATEMENT
Edition statement First edition.
300 ## - PHYSICAL DESCRIPTION
Extent 400 pages ;
Dimensions 22 cm.
520 ## - SUMMARY, ETC.
Summary, etc Eighteen-year-old Prince Arris hopes to escape the cursed fate of his predecessors--each of whom dies shortly after marriage,--so he strikes a deal with Demelza, a seventeen-year-old veritas swan maiden who can separate truth from lies.
521 ## - TARGET AUDIENCE NOTE
Target audience note Ages 13-18.
Source Wednesday Books.
650 #0 - SUBJECT ADDED ENTRY--TOPICAL TERM
Topical term or geographic name as entry element Princes
Form subdivision Juvenile fiction.
650 #0 - SUBJECT ADDED ENTRY--TOPICAL TERM
Topical term or geographic name as entry element Contests
Form subdivision Juvenile fiction.
650 #0 - SUBJECT ADDED ENTRY--TOPICAL TERM
Topical term or geographic name as entry element Marriage
Form subdivision Juvenile fiction.
9 (RLIN) 2700
650 #0 - SUBJECT ADDED ENTRY--TOPICAL TERM
Topical term or geographic name as entry element Blessing and cursing
Form subdivision Juvenile fiction.
650 #0 - SUBJECT ADDED ENTRY--TOPICAL TERM
Topical term or geographic name as entry element Truthfulness and falsehood
Form subdivision Juvenile fiction.
9 (RLIN) 36815
650 #0 - SUBJECT ADDED ENTRY--TOPICAL TERM
Topical term or geographic name as entry element Swans
Form subdivision Juvenile fiction.
9 (RLIN) 55645
650 #1 - SUBJECT ADDED ENTRY--TOPICAL TERM
Topical term or geographic name as entry element Princes
Form subdivision Fiction.
650 #1 - SUBJECT ADDED ENTRY--TOPICAL TERM
Topical term or geographic name as entry element Contests
Form subdivision Fiction.
650 #1 - SUBJECT ADDED ENTRY--TOPICAL TERM
Topical term or geographic name as entry element Marriage
Form subdivision Fiction.
9 (RLIN) 4650
650 #1 - SUBJECT ADDED ENTRY--TOPICAL TERM
Topical term or geographic name as entry element Blessing and cursing
Form subdivision Fiction.
650 #1 - SUBJECT ADDED ENTRY--TOPICAL TERM
Topical term or geographic name as entry element Honesty
Form subdivision Fiction.
9 (RLIN) 4677
650 #1 - SUBJECT ADDED ENTRY--TOPICAL TERM
Topical term or geographic name as entry element Swans
Form subdivision Fiction.
9 (RLIN) 55646
650 #1 - SUBJECT ADDED ENTRY--TOPICAL TERM
Topical term or geographic name as entry element Fantasy
650 #1 - SUBJECT ADDED ENTRY--TOPICAL TERM
Topical term or geographic name as entry element Romance stories
9 (RLIN) 42809
655 #7 - INDEX TERM--GENRE/FORM
Genre/form data or focus term Fantasy fiction.
Source of term lcgft
655 #7 - INDEX TERM--GENRE/FORM
Genre/form data or focus term Romance fiction.
Source of term lcgft
655 #7 - INDEX TERM--GENRE/FORM
Genre/form data or focus term Novels.
Source of term lcgft
907 ## - LOCAL DATA ELEMENT G, LDG (RLIN)
a .b513961148
942 ## - ADDED ENTRY ELEMENTS (KOHA)
Source of classification or shelving scheme Dewey Decimal Classification
Koha item type Book
Holdings
Withdrawn status Lost status Source of classification or shelving scheme Damaged status Not for loan Home library Current library Shelving location Date acquired Total Checkouts Full call number Barcode Date last seen Cost, replacement price Price effective from Koha item type
  Available Dewey Decimal Classification     Martha's Vineyard High School Library Martha's Vineyard High School Library FANTASY 04/02/2026   FIC/CHO 39844500071321 04/07/2026 22.00 04/02/2026 Book